[Event "2nd GMA World Cup prel  #3"]
[Site "Palma de Mallorca"]
[Date "1989.??.??"]
[Round "8"]
[White "Chernin, Alexander"]
[Black "Palatnik, Semon"]
[Result "1/2-1/2"]
[WhiteElo "2580"]
[BlackElo "2460"]
[EventDate "1989.12.??"]
[PlyCount "46"]

1.c4 f5 2.g3 Nf6 3.Bg2 d6 4.Nc3 g6 5.e3 Bg7 6.Nge2 O-O 7.O-O e5 8.b4 e4 9.
Rb1 Nc6 10.d3 exd3 11.Nf4 Ne5 12.Nxd3 Nxc4 13.Qb3 Be6 14.Bxb7 Bf7 15.Qc2 
Rb8 16.Bg2 d5 17.b5 a6 18.Nb4 axb5 19.a4 Qd6 20.Rd1 c6 21.axb5 cxb5 22.
Nbxd5 Nxd5 23.Nxd5 Na3 1/2-1/2

[Event "2nd GMA World Cup prel  #3"]
[Site "Palma de Mallorca"]
[Date "1989.??.??"]
[Round "8"]
[White "Schussler, Harry"]
[Black "Zapata, Alonso"]
[Result "1/2-1/2"]
[WhiteElo "2540"]
[BlackElo "2490"]
[EventDate "1989.12.??"]
[PlyCount "78"]

1.d4 Nf6 2.c4 g6 3.Nc3 Bg7 4.e4 d6 5.Nf3 O-O 6.Be2 e5 7.O-O Nc6 8.d5 Ne7 
9.Nd2 a5 10.a3 Nd7 11.Rb1 f5 12.b4 Kh8 13.Qc2 Ng8 14.f3 Bh6 15.Nb3 axb4 
16.axb4 Ndf6 17.exf5 Bxf5 18.Bd3 Nh5 19.g3 Bxc1 20.Rbxc1 Qg5 21.Ne4 Qe3+ 
22.Kg2 Ra3 23.Rce1 Qh6 24.Rf2 Ngf6 25.Qb2 Nxe4 26.Bxe4 Bh3+ 27.Kg1 Rfa8 
28.f4 Ra2 29.Qxa2 Rxa2 30.Rxa2 exf4 31.Bg2 Bxg2 32.Rxg2 fxg3 33.hxg3 Qg5 
34.Nd4 Qg4 35.Ne6 Nxg3 36.Rf1 h5 37.Rf8+ Kh7 38.Rf7+ Kh6 39.Rf8 Kh7 
1/2-1/2

[Event "2nd GMA World Cup prel  #3"]
[Site "Palma de Mallorca"]
[Date "1989.??.??"]
[Round "8"]
[White "Timoschenko, Gennady"]
[Black "Todorcevic, Miodrag"]
[Result "0-1"]
[WhiteElo "2500"]
[BlackElo "2530"]
[EventDate "1989.12.??"]
[PlyCount "90"]

1.d4 g6 2.e4 Bg7 3.c3 d6 4.Bg5 Nf6 5.Nd2 O-O 6.Ngf3 c5 7.dxc5 dxc5 8.Be2 
Qc7 9.O-O Nc6 10.Qc2 b6 11.Rfe1 Bb7 12.Bh4 Rad8 13.Nc4 Nh5 14.Ne3 Nf4 15.
Bc4 Na5 16.Bf1 c4 17.Bg3 e5 18.b4 cxb3 19.axb3 Qc8 20.b4 Nc6 21.Qb3 h6 22.
Nd5 Qb8 23.Rad1 Kh7 24.c4 Ne6 25.h4 Qc8 26.Qc3 f6 27.h5 g5 28.Be2 Nf4 29.
Nh2 Nxe2+ 30.Rxe2 Nd4 31.Re3 f5 32.exf5 Bxd5 33.Bxe5 Bxe5 34.Rxe5 Qc7 35.
Rde1 Qxc4 36.Re7+ Rf7 37.Qb2 Nc6 38.Rxf7+ Bxf7 39.Qf6 Rd7 40.b5 Nd4 41.Kh1
Nc2 42.Rc1 Qf4 43.Rf1 Nd4 44.f3 Nxf5 45.Ng4 Bxh5 0-1

[Event "2nd GMA World Cup prel  #3"]
[Site "Palma de Mallorca"]
[Date "1989.??.??"]
[Round "8"]
[White "Mikhalchishin, Adrian"]
[Black "Van der Wiel, John"]
[Result "1/2-1/2"]
[WhiteElo "2475"]
[BlackElo "2545"]
[EventDate "1989.12.??"]
[PlyCount "22"]

1.c4 e6 2.Nc3 Bb4 3.e4 Ne7 4.a3 Bxc3 5.dxc3 O-O 6.Nf3 d6 7.Be2 Nd7 8.O-O 
e5 9.Ne1 Nc5 10.f3 Nd7 11.b3 b6 1/2-1/2

[Event "2nd GMA World Cup prel  #3"]
[Site "Palma de Mallorca"]
[Date "1989.??.??"]
[Round "8"]
[White "Piket, Jeroen"]
[Black "Savon, Vladimir"]
[Result "1-0"]
[WhiteElo "2540"]
[BlackElo "2465"]
[EventDate "1989.12.??"]
[PlyCount "71"]

1.d4 Nf6 2.Nf3 e6 3.c4 b6 4.g3 Bb7 5.Bg2 Bb4+ 6.Bd2 a5 7.O-O O-O 8.Bf4 Be7
9.Nc3 Ne4 10.Qc2 Nxc3 11.bxc3 f5 12.d5 Na6 13.Rad1 Nc5 14.Nd4 Bf6 15.Nb5 
d6 16.Be3 Qe7 17.Bxc5 bxc5 18.e4 f4 19.gxf4 e5 20.f5 Bg5 21.Rd3 Bf4 22.Qe2
Rf6 23.Na3 g6 24.fxg6 hxg6 25.Bh3 Kg7 26.Kg2 Rh8 27.Rh1 Rh4 28.Nc2 Ba6 29.
Rg3 Qe8 30.Na3 Qa4 31.Qb2 Bxg3 32.hxg3 Rxe4 33.Be6 Bxc4 34.Qb8 Rf8 35.
Qxc7+ Kf6 36.Qxd6 1-0

[Event "2nd GMA World Cup prel  #3"]
[Site "Palma de Mallorca"]
[Date "1989.??.??"]
[Round "8"]
[White "Csom, Istvan"]
[Black "Kirov, Nino"]
[Result "1-0"]
[WhiteElo "2530"]
[BlackElo "2470"]
[EventDate "1989.12.??"]
[PlyCount "57"]

1.c4 Nf6 2.Nf3 c6 3.Qa4 g6 4.g3 Bg7 5.Bg2 O-O 6.O-O d6 7.Nc3 e5 8.c5 dxc5 
9.Nxe5 Re8 10.Nf3 Nd5 11.Re1 b5 12.Qd1 c4 13.d4 cxd3 14.Nxd5 Qxd5 15.exd3 
Rxe1+ 16.Qxe1 Qe6 17.Qa5 Qd7 18.d4 Bb7 19.Be3 Na6 20.Ne5 Qe8 21.a4 bxa4 
22.Rxa4 Rd8 23.Nxc6 Rd6 24.d5 Qd7 25.Qb5 h5 26.Rxa6 Bxa6 27.Qxa6 Bxb2 28.
Bc5 Rf6 29.Qb5 1-0

[Event "2nd GMA World Cup prel  #3"]
[Site "Palma de Mallorca"]
[Date "1989.??.??"]
[Round "8"]
[White "King, Daniel John"]
[Black "Krasenkov, Mikhail"]
[Result "1-0"]
[WhiteElo "2495"]
[BlackElo "2505"]
[EventDate "1989.12.??"]
[PlyCount "65"]

1.e4 e5 2.Nf3 Nc6 3.Bb5 a6 4.Ba4 Nf6 5.O-O Nxe4 6.d4 b5 7.Bb3 d5 8.dxe5 
Be6 9.Be3 Nc5 10.c3 Nxb3 11.axb3 Bg4 12.Bf4 Be7 13.Na3 O-O 14.h3 Bh5 15.
Nc2 Qd7 16.Ne3 Rfd8 17.g4 Bg6 18.Nd4 Nxd4 19.cxd4 c5 20.Qd2 c4 21.b4 Qe8 
22.Nf5 Bxf5 23.gxf5 Qd7 24.Qc2 Bxb4 25.Kh2 f6 26.Rg1 Kh8 27.Rg4 Rg8 28.
Rag1 fxe5 29.dxe5 d4 30.Qe4 Raf8 31.f6 gxf6 32.e6 Qd8 33.Qxh7+ 1-0

[Event "2nd GMA World Cup prel  #3"]
[Site "Palma de Mallorca"]
[Date "1989.??.??"]
[Round "8"]
[White "Magerramov, Elmar"]
[Black "Lerner, Konstantin"]
[Result "1-0"]
[WhiteElo "2470"]
[BlackElo "2530"]
[EventDate "1989.12.??"]
[PlyCount "57"]

1.d4 Nf6 2.c4 e6 3.Nf3 b6 4.g3 Ba6 5.b3 Bb7 6.Bg2 Bb4+ 7.Bd2 a5 8.O-O O-O 
9.Qc2 d6 10.Re1 Re8 11.e4 e5 12.Nc3 Nbd7 13.Re2 a4 14.Rae1 axb3 15.axb3 c6
16.Rd1 Qc7 17.Nb5 cxb5 18.Bxb4 bxc4 19.bxc4 Rac8 20.Bxd6 Qxd6 21.dxe5 Qe6 
22.exf6 Rxc4 23.Bh3 Qc6 24.Qb2 Rcxe4 25.Bxd7 Rxe2 26.Qxe2 Rxe2 27.Bxc6 
Bxc6 28.Nd4 Ba4 29.Ra1 1-0

[Event "2nd GMA World Cup prel  #3"]
[Site "Palma de Mallorca"]
[Date "1989.??.??"]
[Round "8"]
[White "Hansen, Curt"]
[Black "Lau, Ralf"]
[Result "1-0"]
[WhiteElo "2525"]
[BlackElo "2470"]
[EventDate "1989.12.??"]
[PlyCount "81"]

1.d4 d6 2.e4 g6 3.Nc3 Bg7 4.f4 c6 5.Be3 Qb6 6.Rb1 Nh6 7.Nf3 f5 8.e5 Nf7 9.
Qd2 Qc7 10.Bd3 O-O 11.O-O Rd8 12.Rfe1 dxe5 13.dxe5 e6 14.a4 Nd7 15.Qf2 b6 
16.a5 Re8 17.axb6 axb6 18.Ne2 Bf8 19.b4 Bb7 20.Ned4 c5 21.Nb5 Qc8 22.c3 
Bc6 23.Bf1 Qb7 24.Red1 Bd5 25.Rb2 cxb4 26.cxb4 Rac8 27.Nfd4 Red8 28.Qe1 g5
29.Nc3 Rxc3 30.Qxc3 gxf4 31.Bxf4 Bg7 32.Rbd2 Ndxe5 33.Qg3 Rd7 34.Bb5 Rc7 
35.Nxf5 exf5 36.Rxd5 Re7 37.Bxe5 Nxe5 38.Rxe5 Rxe5 39.Rd8+ Kf7 40.Rd7+ 
Qxd7 41.Bxd7 1-0

[Event "2nd GMA World Cup prel  #3"]
[Site "Palma de Mallorca"]
[Date "1989.??.??"]
[Round "8"]
[White "Naumkin, Igor"]
[Black "Rodriguez Cespedes, Amador"]
[Result "0-1"]
[WhiteElo "2470"]
[BlackElo "2505"]
[EventDate "1989.12.??"]
[PlyCount "88"]

1.d4 Nf6 2.c4 e6 3.Nf3 b6 4.a3 c5 5.d5 Ba6 6.Qc2 exd5 7.cxd5 g6 8.Nc3 Bg7 
9.g3 O-O 10.Bg2 d6 11.O-O Re8 12.h3 Nbd7 13.Re1 b5 14.Bf4 Qb6 15.e4 Rac8 
16.e5 dxe5 17.Nxe5 Nxe5 18.Bxe5 b4 19.Na4 Qb5 20.axb4 cxb4 21.Qd2 Bb7 22.
Qd4 Bxd5 23.Bxf6 Rxe1+ 24.Rxe1 Bxf6 25.Qxd5 Qxa4 26.b3 Qa3 27.Kh2 Qb2 28.
Qf3 Rc2 29.Rf1 Kg7 30.h4 h5 31.Kg1 a5 32.Qb7 Bd4 33.Qf3 Rc5 34.Qd3 Rc2 35.
Qf3 Re2 36.Qf4 Be5 37.Qf3 Rd2 38.Qe3 Qc3 39.Qe4 Bd4 40.Qf4 Be5 41.Qe4 Bd6 
42.Qe8 Bc5 43.Qa4 Bxf2+ 44.Rxf2 Qd4 0-1

[Event "2nd GMA World Cup prel  #3"]
[Site "Palma de Mallorca"]
[Date "1989.??.??"]
[Round "8"]
[White "Radulov, Ivan"]
[Black "Conquest, Stuart"]
[Result "1/2-1/2"]
[WhiteElo "2450"]
[BlackElo "2515"]
[EventDate "1989.12.??"]
[PlyCount "102"]

1.Nf3 Nf6 2.g3 d5 3.Bg2 c6 4.O-O Bg4 5.d3 Nbd7 6.c4 dxc4 7.dxc4 e5 8.Nc3 
Be7 9.b3 O-O 10.h3 Bxf3 11.Bxf3 Qc7 12.Qc2 Nc5 13.Bb2 a5 14.e3 a4 15.Nxa4 
Nxa4 16.bxa4 Nd7 17.Bc3 Rfe8 18.a5 Nc5 19.Rad1 Bf8 20.Rd2 e4 21.Bg2 f5 22.
Rfd1 Qf7 23.Bf1 h5 24.h4 Qg6 25.Kh2 Kh7 26.Bb4 Re6 27.Be2 Be7 28.Rg1 Rf8 
29.Bxc5 Bxc5 30.Rd7 Rf7 31.Rxf7 Qxf7 32.Rd1 g6 33.Rd8 Qc7 34.Qd1 Bd6 35.
Ra8 Qe7 36.Kg2 Kg7 37.a6 bxa6 38.Rxa6 Be5 39.Qa4 Qc5 40.Ra5 Qb6 41.c5 Qb2 
42.Ra7+ Kh6 43.Qc4 Re8 44.Bxh5 Bxg3 45.Rh7+ Kxh7 46.Qf7+ Qg7 47.Qxe8 Bxh4 
48.Be2 Qb2 49.Qf7+ Kh6 50.Qf8+ Kh7 51.Qf7+ Kh6 1/2-1/2

[Event "2nd GMA World Cup prel  #3"]
[Site "Palma de Mallorca"]
[Date "1989.??.??"]
[Round "8"]
[White "Ree, Hans"]
[Black "Wolff, Patrick"]
[Result "1-0"]
[WhiteElo "2460"]
[BlackElo "2505"]
[EventDate "1989.12.??"]
[PlyCount "57"]

1.d4 f5 2.Bg5 g6 3.Nc3 Bg7 4.e4 fxe4 5.Nxe4 Nc6 6.d5 Ne5 7.c3 Nf6 8.Nxf6+ 
exf6 9.Be3 d6 10.Be2 O-O 11.Nf3 f5 12.Qd2 Qf6 13.Nxe5 dxe5 14.f4 b6 15.O-O
Bb7 16.Bc4 Qd6 17.Bb3 Rfe8 18.c4 exf4 19.Bxf4 Qc5+ 20.Kh1 Re4 21.Rae1 Rae8
22.Bc2 R4e7 23.b4 Qxc4 24.Bb3 Qxf4 25.d6+ Kh8 26.Qxf4 Rxe1 27.d7 Rxf1+ 28.
Qxf1 Rd8 29.Qc4 1-0

[Event "2nd GMA World Cup prel  #3"]
[Site "Palma de Mallorca"]
[Date "1989.??.??"]
[Round "8"]
[White "Gomez Esteban, Juan Mario"]
[Black "Kupreichik, Viktor"]
[Result "1-0"]
[WhiteElo "2440"]
[BlackElo "2520"]
[EventDate "1989.12.??"]
[PlyCount "81"]

1.c4 e5 2.Nc3 Nc6 3.g3 d6 4.Bg2 Be6 5.d3 Qd7 6.Rb1 g6 7.b4 Bg7 8.b5 Nd8 9.
e3 f5 10.Nge2 Nf6 11.Nd5 O-O 12.O-O Nh5 13.Bd2 c6 14.bxc6 bxc6 15.Nb4 Rc8 
16.Qa4 g5 17.f4 h6 18.Kh1 Rf7 19.Na6 Qe8 20.fxe5 dxe5 21.Nc5 Bf8 22.Qa5 
Bd6 23.Bc3 Nf6 24.Nxe6 Qxe6 25.d4 Ng4 26.dxe5 Bc7 27.Qa6 Rb8 28.Rxb8 Bxb8 
29.Nd4 Qxe5 30.Qc8 Nxe3 31.Nxf5 Qxc3 32.Qxd8+ Kh7 33.Nxe3 Rxf1+ 34.Nxf1 
Be5 35.Qe7+ Kg6 36.Qe6+ Kg7 37.Qe7+ Kg6 38.Be4+ Kh5 39.Qf7+ Kg4 40.Qf5+ 
Kh5 41.Qh3# 1-0

[Event "2nd GMA World Cup prel  #3"]
[Site "Palma de Mallorca"]
[Date "1989.??.??"]
[Round "8"]
[White "Mednis, Edmar"]
[Black "Kindermann, Stefan"]
[Result "1-0"]
[WhiteElo "2430"]
[BlackElo "2530"]
[EventDate "1989.12.??"]
[PlyCount "87"]

1.c4 e5 2.g3 g6 3.d4 d6 4.dxe5 dxe5 5.Qxd8+ Kxd8 6.Nc3 Be6 7.b3 Nd7 8.Bb2 
c6 9.h4 h5 10.Bh3 Bxh3 11.Nxh3 f6 12.O-O-O Kc7 13.f4 Re8 14.Rhf1 f5 15.e4 
Nh6 16.fxe5 Nxe5 17.Nf4 Nhg4 18.exf5 gxf5 19.Ng2 Bh6+ 20.Kb1 Rhf8 21.Rde1 
Nh2 22.Rf2 Nhf3 23.Ree2 Nd4 24.Nb5+ cxb5 25.Bxd4 Ng4 26.Rxe8 Rxe8 27.Rxf5 
Re4 28.Bxa7 b4 29.Bc5 Bd2 30.Nf4 Re1+ 31.Kc2 Bxf4 32.gxf4 Re2+ 33.Kd3 Rxa2
34.Bxb4 Nf2+ 35.Kd4 Rb2 36.Rxh5 Rxb3 37.Rh7+ Kc6 38.Rh6+ Kd7 39.Bc3 Rb1 
40.Rh7+ Ke6 41.f5+ Kd6 42.c5+ Kc6 43.Rh6+ Kd7 44.Kd5 1-0

[Event "2nd GMA World Cup prel  #3"]
[Site "Palma de Mallorca"]
[Date "1989.??.??"]
[Round "8"]
[White "Renet, Olivier"]
[Black "Tseitlin, Mikhail"]
[Result "0-1"]
[WhiteElo "2515"]
[BlackElo "2445"]
[EventDate "1989.12.??"]
[PlyCount "58"]

1.e4 e5 2.Nf3 Nc6 3.Bb5 f5 4.Nc3 fxe4 5.Nxe4 Nf6 6.Qe2 d5 7.Nxf6+ gxf6 8.
d4 Bg7 9.dxe5 O-O 10.e6 Ne5 11.O-O c6 12.Bd3 Bxe6 13.Nd4 Bg4 14.f3 Bd7 15.
Nf5 Nxd3 16.Qxd3 Qb6+ 17.Kh1 Bxf5 18.Qxf5 Rae8 19.Bf4 Re2 20.b3 Rfe8 21.h4
Qb4 22.Rfd1 Qc5 23.Rd2 Rxd2 24.Bxd2 Qd4 25.Rd1 Qxh4+ 26.Kg1 Re2 27.Qg4 
Qf2+ 28.Kh1 f5 29.Qg5 h6 0-1

[Event "2nd GMA World Cup prel  #3"]
[Site "Palma de Mallorca"]
[Date "1989.??.??"]
[Round "8"]
[White "Hernandez Onna, Roman"]
[Black "Vukic, Milan"]
[Result "1/2-1/2"]
[WhiteElo "2450"]
[BlackElo "2500"]
[EventDate "1989.12.??"]
[PlyCount "38"]

1.c4 Nf6 2.Nf3 g6 3.Nc3 Bg7 4.e4 d6 5.d4 O-O 6.Be2 e5 7.O-O Nc6 8.d5 Ne7 
9.Nd2 a5 10.b3 Ne8 11.Ba3 c5 12.dxc6 bxc6 13.c5 d5 14.Nc4 Be6 15.Nb6 Ra7 
16.Qc2 Nc7 17.Rad1 Qb8 18.Bb2 dxe4 19.Nxe4 Ncd5 1/2-1/2

[Event "2nd GMA World Cup prel  #3"]
[Site "Palma de Mallorca"]
[Date "1989.??.??"]
[Round "8"]
[White "Kosten, Anthony Cornelius"]
[Black "Ochoa de Echaguen, Javier"]
[Result "1/2-1/2"]
[WhiteElo "2500"]
[BlackElo "2435"]
[EventDate "1989.12.??"]
[PlyCount "134"]

1.e4 c5 2.Nf3 Nc6 3.d4 cxd4 4.Nxd4 Nf6 5.Nc3 e6 6.Ndb5 d6 7.Bf4 e5 8.Bg5 
a6 9.Na3 b5 10.Bxf6 gxf6 11.Nd5 f5 12.g3 fxe4 13.Bg2 Bg7 14.Bxe4 Rb8 15.
Qh5 Ne7 16.Rd1 Nxd5 17.Bxd5 O-O 18.O-O Be6 19.c4 Qd7 20.Rd2 bxc4 21.Nxc4 
Bxd5 22.Rxd5 Qc6 23.Ne3 f5 24.Rfd1 Rxb2 25.Rxd6 Qe4 26.Rd8 f4 27.Rxf8+ 
Bxf8 28.Qg5+ Qg6 29.Qxe5 Rxa2 30.Qxf4 Qf7 31.Nf5 Ra5 32.Qg4+ Qg6 33.Qc4+ 
Qf7 34.Nh6+ Bxh6 35.Rd8+ Bf8 36.Rxf8+ Kxf8 37.Qb4+ Kg8 38.Qxa5 Qb7 39.h4 
Qb1+ 40.Kh2 Qb5 41.Qd8+ Kf7 42.Qc7+ Kg8 43.g4 a5 44.h5 a4 45.h6 Qg5 46.
Qc8+ Kf7 47.Qd7+ Kf8 48.Qxa4 Qxh6+ 49.Kg3 Qb6 50.Qf4+ Kg8 51.Qg5+ Kf7 52.
Qh5+ Kg7 53.Qe5+ Kg8 54.f4 Qg1+ 55.Kh4 Qh2+ 56.Kg5 Qd2 57.Qf6 Qc1 58.Kh5 
Qh1+ 59.Qh4 Qc6 60.Qg5+ Kf7 61.f5 Qd6 62.Qh4 Kg7 63.f6+ Qxf6 64.Qxf6+ Kxf6
65.Kh6 Ke5 66.Kg7 Kf4 67.Kxh7 Kxg4 1/2-1/2

[Event "2nd GMA World Cup prel  #3"]
[Site "Palma de Mallorca"]
[Date "1989.??.??"]
[Round "8"]
[White "Lukov, Valentin"]
[Black "Ermenkov, Evgeny"]
[Result "1/2-1/2"]
[WhiteElo "2435"]
[BlackElo "2500"]
[EventDate "1989.12.??"]
[PlyCount "24"]

1.Nf3 g6 2.g3 Bg7 3.Bg2 Nf6 4.O-O O-O 5.c4 Nc6 6.Nc3 b6 7.d4 Ba6 8.b3 Qc8 
9.Ba3 Qb7 10.Qc2 Rac8 11.Bb2 Qb8 12.Rae1 Bb7 1/2-1/2

[Event "2nd GMA World Cup prel  #3"]
[Site "Palma de Mallorca"]
[Date "1989.??.??"]
[Round "8"]
[White "Illescas Cordoba, Miguel"]
[Black "Sorokin, Maxim"]
[Result "1-0"]
[WhiteElo "2510"]
[BlackElo "2420"]
[EventDate "1989.12.??"]
[PlyCount "53"]

1.e4 c5 2.Nf3 Nc6 3.d4 cxd4 4.Nxd4 Nf6 5.Nc3 e6 6.Ndb5 Bb4 7.a3 Bxc3+ 8.
Nxc3 d5 9.exd5 exd5 10.Bd3 d4 11.Qe2+ Be6 12.Ne4 Nxe4 13.Qxe4 Qd5 14.Bf4 
O-O-O 15.O-O g5 16.Bd2 h6 17.Qxd5 Bxd5 18.f4 g4 19.Rae1 h5 20.b4 Rhe8 21.
b5 Nb8 22.Bb4 Rxe1 23.Rxe1 Nd7 24.Bf5 a6 25.Re7 Kc7 26.bxa6 b6 27.a7 1-0

[Event "2nd GMA World Cup prel  #3"]
[Site "Palma de Mallorca"]
[Date "1989.??.??"]
[Round "8"]
[White "Romero Holmes, Alfonso"]
[Black "Chekhov, Valery"]
[Result "1/2-1/2"]
[WhiteElo "2430"]
[BlackElo "2480"]
[EventDate "1989.12.??"]
[PlyCount "125"]

1.e4 c5 2.Nf3 Nc6 3.d4 cxd4 4.Nxd4 Nf6 5.Nc3 e5 6.Nb3 Bb4 7.Bc4 d6 8.O-O 
Bxc3 9.bxc3 Bg4 10.Qd3 Qc7 11.Bg5 Be6 12.Bd5 Bxd5 13.exd5 Ne7 14.c4 Nd7 
15.Bxe7 Kxe7 16.Rab1 b6 17.Rbe1 Kd8 18.f4 Rc8 19.fxe5 Nxe5 20.Qg3 g6 21.
Nd4 Re8 22.Qg5+ Qe7 23.Qg3 Rxc4 24.Nc6+ Rxc6 25.dxc6 Kc7 26.a4 Qe6 27.a5 
Qc4 28.axb6+ axb6 29.Qa3 f5 30.Rd1 Qc5+ 31.Qxc5 bxc5 32.Ra1 Nxc6 33.Rfe1 
Ne5 34.Kf2 h5 35.h3 Kd7 36.Ra6 Ke6 37.Rb1 h4 38.Rd1 Rd8 39.Ra7 Rb8 40.Ra6 
Nf7 41.Re1+ Kf6 42.Re2 g5 43.Rd2 Ke6 44.Re2+ Ne5 45.Rd2 Rd8 46.Re2 f4 47.
Re4 Rb8 48.Rea4 c4 49.Ra8 Rb2 50.Ra2 Nd3+ 51.Kf3 Ne1+ 52.Kf2 Nd3+ 53.Kf3 
Rxc2 54.Re8+ Kd7 55.Rxc2 Kxe8 56.Kg4 d5 57.Kxg5 Kd7 58.Kxh4 Ne5 59.Kg5 d4 
60.Kxf4 d3 61.Ra2 c3 62.Ke3 Kc6 63.Ra3 1/2-1/2

[Event "2nd GMA World Cup prel  #3"]
[Site "Palma de Mallorca"]
[Date "1989.??.??"]
[Round "8"]
[White "Ubilava, Elizbar"]
[Black "Rantanen, Yrjo"]
[Result "0-1"]
[WhiteElo "2525"]
[BlackElo "2380"]
[EventDate "1989.12.??"]
[PlyCount "84"]

1.c4 e5 2.Nc3 Nf6 3.d3 d5 4.cxd5 Nxd5 5.g3 Be7 6.Bg2 Nb6 7.a4 a5 8.Nf3 
N8d7 9.Be3 c6 10.Qb3 Ra6 11.O-O O-O 12.Rfd1 Re8 13.Rac1 Bb4 14.Ng5 Qf6 15.
Na2 Bf8 16.Nc3 h6 17.Nge4 Qe7 18.Qa2 Kh7 19.g4 Qe6 20.Qxe6 Rxe6 21.g5 Rg6 
22.Ng3 hxg5 23.Be4 Nf6 24.Bxg6+ Kxg6 25.Nb5 Nfd5 26.Nc3 Nxe3 27.fxe3 Be6 
28.Ra1 f6 29.Kf2 Nd7 30.d4 Rb6 31.Rd2 Rb4 32.Rg1 Kf7 33.Nge4 exd4 34.exd4 
Nb6 35.Rd3 Nc4 36.Rf3 Ke7 37.Nc5 Bc8 38.b3 Nd6 39.Rd3 b6 40.Na2 bxc5 41.
dxc5 Rf4+ 42.Ke1 Ne4 0-1

[Event "2nd GMA World Cup prel  #3"]
[Site "Palma de Mallorca"]
[Date "1989.??.??"]
[Round "8"]
[White "Ghitescu, Theodor"]
[Black "Geller, Efim"]
[Result "1/2-1/2"]
[WhiteElo "2390"]
[BlackElo "2505"]
[EventDate "1989.12.??"]
[PlyCount "32"]

1.d4 d5 2.c4 e6 3.Nc3 Be7 4.Nf3 Nf6 5.Bg5 h6 6.Bxf6 Bxf6 7.e4 dxe4 8.Nxe4 
Nc6 9.Nxf6+ Qxf6 10.Qd3 b6 11.Qe4 Bb7 12.Ne5 O-O-O 13.Nxc6 Rd6 14.Nxa7+ 
Kb8 15.Qe5 Kxa7 16.O-O-O Rhd8 1/2-1/2

[Event "2nd GMA World Cup prel  #3"]
[Site "Palma de Mallorca"]
[Date "1989.??.??"]
[Round "8"]
[White "Kholmov, Ratmir"]
[Black "Arakhamia, Ketevan"]
[Result "0-1"]
[WhiteElo "2485"]
[BlackElo "2405"]
[EventDate "1989.12.??"]
[PlyCount "83"]

1.e4 c5 2.Nf3 e6 3.d4 cxd4 4.Nxd4 Nf6 5.Nc3 d6 6.g3 Nc6 7.Bg2 Bd7 8.O-O a6
9.a4 Be7 10.Nxc6 Bxc6 11.a5 O-O 12.Be3 Nd7 13.Qd4 Qc7 14.Rfd1 Rab8 15.Qd3 
Nc5 16.Qc4 Rfc8 17.Bf4 b5 18.axb6 Qxb6 19.b3 Bb7 20.Qe2 Nxb3 21.Na4 Nd4 
22.Qe1 Qc7 23.Rxd4 e5 24.Rd3 exf4 25.Rc3 Qd8 26.gxf4 Bf6 27.e5 Bxg2 28.
exf6 Bc6 29.Qe7 Qa5 30.Qxd6 Qxa4 31.Re1 Qa5 32.Rce3 Qd5 33.Qxd5 Bxd5 34.
Re5 Be6 35.fxg7 Kxg7 36.f5 Bc4 37.Kg2 Kf6 38.Kf3 Bb5 39.Re7 Rxc2 40.Ra7 
Bc6+ 41.Kg4 Rg8+ 42.Kh3 0-1

[Event "2nd GMA World Cup prel  #3"]
[Site "Palma de Mallorca"]
[Date "1989.??.??"]
[Round "8"]
[White "Panno, Oscar"]
[Black "San Segundo Carrillo, Pablo"]
[Result "0-1"]
[WhiteElo "2500"]
[BlackElo "2375"]
[EventDate "1989.12.??"]
[PlyCount "116"]

1.Nf3 Nf6 2.c4 g6 3.Nc3 d5 4.cxd5 Nxd5 5.Qa4+ Bd7 6.Qh4 Bc6 7.g3 Bg7 8.Bg2
Nd7 9.Nd4 Bxd4 10.Qxd4 e5 11.Qg4 Ne3 12.fxe3 Bxg2 13.Rg1 Bc6 14.b3 Qe7 15.
Bb2 f5 16.Qh4 Qxh4 17.gxh4 O-O-O 18.Nd1 Rhe8 19.Nf2 Nf6 20.Nd3 Rd5 21.Rc1 
a5 22.Rc5 Nd7 23.Rxd5 Bxd5 24.h5 Re6 25.hxg6 hxg6 26.h4 c5 27.Rg5 c4 28.
bxc4 Bxc4 29.h5 gxh5 30.Rxf5 h4 31.Rh5 Bxa2 32.Rxh4 e4 33.Nf4 Rb6 34.Bd4 
Rb1+ 35.Kf2 a4 36.Ng6 Bf7 37.Rh8+ Kc7 38.Ne5 Nxe5 39.Bxe5+ Kc6 40.Ra8 b5 
41.Bd4 Bc4 42.Ra6+ Kd5 43.Ra8 Rh1 44.Rh8 Rd1 45.Rh5+ Kd6 46.Bc3 Rb1 47.Rh8
a3 48.Ra8 a2 49.d3 exd3 50.exd3 Be6 51.Ra6+ Kd7 52.Ra7+ Kc8 53.Ra6 b4 54.
Bd4 b3 55.Rb6 a1=Q 56.Bxa1 Rxa1 57.e4 Kc7 58.Rb4 Ra6 0-1

[Event "2nd GMA World Cup prel  #3"]
[Site "Palma de Mallorca"]
[Date "1989.??.??"]
[Round "8"]
[White "Spasov, Luben"]
[Black "Cebalo, Miso"]
[Result "1/2-1/2"]
[WhiteElo "2370"]
[BlackElo "2485"]
[EventDate "1989.12.??"]
[PlyCount "88"]

1.Nf3 c5 2.g3 g6 3.c4 Bg7 4.Bg2 Nf6 5.O-O O-O 6.d4 cxd4 7.Nxd4 Nc6 8.Nc3 
Qa5 9.e3 Qc5 10.b3 d6 11.h3 Bd7 12.Bb2 Rab8 13.Rc1 Nxd4 14.exd4 Qa5 15.Re1
Rfe8 16.a3 Qc7 17.d5 a6 18.Ne2 e5 19.dxe6 Rxe6 20.Nf4 Rxe1+ 21.Qxe1 Re8 
22.Qd1 Bc6 23.Rc2 Bxg2 24.Kxg2 Qc6+ 25.Kg1 g5 26.Ng2 Qc5 27.b4 Qf5 28.g4 
Qg6 29.Ne3 h5 30.Bxf6 Bxf6 31.Nf5 hxg4 32.hxg4 Be5 33.Qf3 Qh7 34.Re2 Qh2+ 
35.Kf1 Re6 36.Re4 b5 37.cxb5 axb5 38.Re3 Bf6 39.Rxe6 fxe6 40.Ng3 Qh3+ 41.
Ke2 Be5 42.Qa8+ Kg7 43.Qb7+ Kh6 44.Qf3 Bxg3 1/2-1/2

[Event "2nd GMA World Cup prel  #3"]
[Site "Palma de Mallorca"]
[Date "1989.??.??"]
[Round "8"]
[White "Sunye Neto, Jaime"]
[Black "Gurgenidze, Bukhuti"]
[Result "1/2-1/2"]
[WhiteElo "2480"]
[BlackElo "2360"]
[EventDate "1989.12.??"]
[PlyCount "110"]

1.c4 e5 2.Nc3 Bb4 3.Nf3 Bxc3 4.dxc3 Qe7 5.e4 d6 6.Bd3 f6 7.Nd2 Qf7 8.Nf1 
Ne7 9.Ne3 Nd7 10.Bc2 Nb6 11.b3 Be6 12.a4 a5 13.O-O g5 14.Nd5 Nbxd5 15.cxd5
Bd7 16.b4 f5 17.exf5 Bxf5 18.c4 axb4 19.Rb1 Qg6 20.Bxf5 Nxf5 21.Bd2 O-O 
22.Bxb4 b6 23.Ra1 g4 24.Qd3 Rae8 25.Bc3 e4 26.Qd2 Nh4 27.Kh1 Rf5 28.Rae1 
h6 29.a5 bxa5 30.Bxa5 Rf7 31.Bc3 Kh7 32.Bb2 Rf3 33.Re3 Rf7 34.Rfe1 Nf5 35.
Rxe4 Rxe4 36.Rxe4 Ng3+ 37.hxg3 Qxe4 38.Qc3 Qe5 39.Qxe5 dxe5 40.Bxe5 Kg6 
41.f3 Re7 42.Bf4 Re1+ 43.Kh2 gxf3 44.gxf3 Re2+ 45.Kg1 Rc2 46.Bxc7 Rxc4 47.
d6 Rd4 48.Kf2 Kf5 49.Ke3 Rd5 50.g4+ Ke6 51.f4 h5 52.f5+ Kd7 53.Ke4 h4 54.
Kf3 Rd3+ 55.Kg2 Rg3+ 1/2-1/2

[Event "2nd GMA World Cup prel  #3"]
[Site "Palma de Mallorca"]
[Date "1989.??.??"]
[Round "8"]
[White "Velikov, Petar"]
[Black "Maric, Alisa"]
[Result "1/2-1/2"]
[WhiteElo "2480"]
[BlackElo "2355"]
[EventDate "1989.12.??"]
[PlyCount "35"]

1.c4 e6 2.Nc3 d5 3.d4 Be7 4.Nf3 Nf6 5.Bg5 h6 6.Bh4 O-O 7.e3 b6 8.Rc1 Bb7 
9.Bxf6 Bxf6 10.cxd5 exd5 11.Bd3 c5 12.O-O Nd7 13.Bf5 Re8 14.dxc5 Nxc5 15.
Nd4 g6 16.Bc2 Rc8 17.a3 Qe7 18.Qd2 1/2-1/2

[Event "2nd GMA World Cup prel  #3"]
[Site "Palma de Mallorca"]
[Date "1989.??.??"]
[Round "8"]
[White "Abramovic, Bosko"]
[Black "Comas i Fabrego, Lluis"]
[Result "0-1"]
[WhiteElo "2465"]
[BlackElo "2335"]
[EventDate "1989.12.??"]
[PlyCount "50"]

1.e4 e6 2.d4 d5 3.Nc3 Bb4 4.e5 c5 5.a3 Bxc3+ 6.bxc3 Ne7 7.a4 Nbc6 8.Nf3 
Bd7 9.Be2 Qa5 10.Qd2 f6 11.Ba3 fxe5 12.Bxc5 e4 13.Nh4 g5 14.Bh5+ Kd8 15.
Rb1 gxh4 16.Rxb7 Kc8 17.Rb5 Qxa4 18.Rb1 Rb8 19.O-O Rxb1 20.Rxb1 Qa5 21.Be2
Nf5 22.Qc1 Rg8 23.Ra1 Qc7 24.Rb1 Nb8 25.h3 e3 0-1

[Event "2nd GMA World Cup prel  #3"]
[Site "Palma de Mallorca"]
[Date "1989.??.??"]
[Round "8"]
[White "Madl, Ildiko"]
[Black "Inkiov, Ventzislav"]
[Result "1/2-1/2"]
[WhiteElo "2310"]
[BlackElo "2475"]
[EventDate "1989.12.??"]
[PlyCount "74"]

1.e4 c5 2.Nf3 d6 3.d4 cxd4 4.Nxd4 Nf6 5.Nc3 Nc6 6.Be3 e5 7.Ndb5 a6 8.Na3 
b5 9.Nd5 Rb8 10.Bd3 Nxd5 11.exd5 Ne7 12.c4 bxc4 13.Bxc4 g6 14.O-O Bg7 15.
Qa4+ Qd7 16.Qxd7+ Bxd7 17.Bb3 O-O 18.Rac1 Nf5 19.Rc7 Bb5 20.Nxb5 Rxb5 21.
Bc1 e4 22.Re1 Rb4 23.Rc4 Rxc4 24.Bxc4 Rb8 25.g4 Nh4 26.Rxe4 Bxb2 27.Bxb2 
Rxb2 28.h3 Nf3+ 29.Kg2 Nd2 30.Re8+ Kg7 31.Bxa6 Rxa2 32.Bb7 Nc4 33.Bc6 Ne5 
34.Rd8 Nd3 35.Kf3 Ne5+ 36.Kg2 Nd3 37.Kf3 Ne5+ 1/2-1/2

[Event "2nd GMA World Cup prel  #3"]
[Site "Palma de Mallorca"]
[Date "1989.??.??"]
[Round "8"]
[White "Brustman, Agnieszka"]
[Black "Douven, Rudy"]
[Result "1-0"]
[WhiteElo "2305"]
[BlackElo "2475"]
[EventDate "1989.12.??"]
[PlyCount "80"]

1.e4 e5 2.Nf3 Nc6 3.Bb5 a6 4.Ba4 Nf6 5.O-O Nxe4 6.d4 b5 7.Bb3 d5 8.dxe5 
Be6 9.Nbd2 Nc5 10.c3 Bg4 11.Bc2 Qd7 12.Re1 Rd8 13.Nf1 Be7 14.h3 Bh5 15.Ne3
Bxf3 16.Qxf3 Nxe5 17.Qg3 Ng6 18.Nf5 Ne6 19.h4 Bf6 20.Bg5 Kf8 21.Bxf6 gxf6 
22.h5 Ne5 23.Qh4 Rg8 24.Kh1 Re8 25.Nh6 Rg7 26.Qxf6 Ng4 27.Nxg4 Rxg4 28.
Bxh7 Qd6 29.g3 d4 30.Bg6 Qd7 31.cxd4 Kg8 32.Bf5 Qxd4 33.Bh7+ Kf8 34.Qf3 
Ng5 35.Rxe8+ Kxe8 36.Qa8+ Qd8 37.Re1+ Ne6 38.Qc6+ Kf8 39.Bf5 Rc4 40.Qf3 
Qd2 1-0